000 00535nam a2200217Ia 4500
003 OSt
005 20220928144054.0
006 a|||||r|||| 00| 0
007 ta
008 220927b |||||||| |||| 00| 0 eng d
024 _a24064
037 _cTextual
040 _aSDCL
_cSDCL
_beng
041 _2eng
_aeng
082 _aQ1:417, N8
100 _aVedalankar Jagannath
_9506743
245 0 _aJyotisham jyotih.
260 _c1998
942 _hQ1:417, N8
_cTEXL
_2CC
999 _c825989
_d825989